|
|
|
|
| LEADER |
00000nam0a2200000 4500 |
| 001 |
78768 |
| 005 |
20231031094034.0 |
| 010 |
|
|
|a 576951793X
|
| 035 |
|
|
|a (RuTPU)RU\TPU\book\84558
|
| 090 |
|
|
|a 78768
|
| 100 |
|
|
|a 20050701d2005 m y0rusy50 ca
|
| 101 |
0 |
|
|a rus
|
| 102 |
|
|
|a RU
|
| 105 |
|
|
|a a j 001zy
|
| 200 |
1 |
|
|a Общая энергетика
|e учебное пособие для средних профессиональных заведений
|e учебное пособие для вузов
|f Г. Ф. Быстрицкий
|
| 210 |
|
|
|a Москва
|c Академия
|d 2005
|
| 215 |
|
|
|a 205 с.
|c ил.
|
| 225 |
1 |
|
|a Среднее профессиональное образование
|i Энергетика
|
| 320 |
|
|
|a Библиогр.: с. 201-202.
|
| 330 |
|
|
|a Приведены сведения о невозобновляемых и возобновляемых энергетических ресурсах. Даны основные положения технической термодинамики и основы теплообмена. Описаны схемы и принципы работы тепловых, атомных, газотурбинных, гидравлических и ветровых электрических станций. Рассмотрено основное оборудование тепловых электрических станций: паровые и водогрейные котлы, паровые турбины, системы теплоснабжения. Для студентов средних профессиональных и высших учебных заведений. Может быть полезно работникам, занятым эксплуатацией электрических станций.
|
| 451 |
|
1 |
|0 (RuTPU)RU\TPU\book\194522
|y 978-5-406-00065-6
|t Общая энергетика
|o учебное пособие для средних профессиональных заведений
|o учебное пособие для вузов
|f Г. Ф. Быстрицкий
|c М.
|n КноРус
|d 2010
|p 293 с.
|s Среднее профессиональное образование
|a Быстрицкий, Геннадий Федорович
|
| 610 |
1 |
|
|a энергетика
|
| 610 |
1 |
|
|a энергетические ресурсы
|
| 610 |
1 |
|
|a энергоресурсы
|
| 610 |
1 |
|
|a теплотехника
|
| 610 |
1 |
|
|a техническая термодинамика
|
| 610 |
1 |
|
|a теплообмен
|
| 610 |
1 |
|
|a электроэнергия
|
| 610 |
1 |
|
|a электростанции
|
| 610 |
1 |
|
|a тепловые электрические станции
|
| 610 |
1 |
|
|a гидроэлектростанции
|
| 610 |
1 |
|
|a ветроэнергетика
|
| 610 |
1 |
|
|a солнечная энергетика
|
| 610 |
1 |
|
|a оборудование
|
| 610 |
1 |
|
|a паровые турбины
|
| 610 |
1 |
|
|a котельные установки
|
| 610 |
1 |
|
|a учебные пособия
|
| 675 |
|
|
|a 620.9(075.8)
|v 3
|
| 700 |
|
1 |
|a Быстрицкий
|b Г. Ф.
|g Геннадий Федорович
|
| 801 |
|
1 |
|a RU
|b 63413507
|c 20050701
|g PSBO
|
| 801 |
|
2 |
|a RU
|b 63413507
|c 20220517
|g PSBO
|
| 900 |
|
|
|a Электротехника, электроника и электрооборудование
|
| 900 |
|
|
|a Энергетика
|
| 900 |
|
|
|a Общая энергетика
|
| 942 |
|
|
|c BK
|
| 952 |
|
|
|a 551300
|b 180000
|
| 959 |
|
|
|a 57/20050630
|d 3
|e 0
|f ЧЗТЛ:3
|
| 959 |
|
|
|a 58/20060626
|d 1
|e 197,00
|f УФ:1
|